| 000 | 01532nam a2200289Ia 4500 | ||
|---|---|---|---|
| 999 |
_c40469 _d40469 |
||
| 001 | 7080 | ||
| 003 | GE_BSU | ||
| 005 | 20221026121727.0 | ||
| 008 | 181216s2009||||ge |||||||||||||| ||geo|| | ||
| 020 | _a9789941906725 | ||
| 040 | _cGE_BSU | ||
| 041 | _ageo | ||
| 080 | _a821.353.1-13 ა-76 | ||
| 100 |
_aარაბული, ავთანდილ _c _9316 |
||
| 245 |
_a"ვეფხისტყაოსანს" მოგითხრობენ ავთანდილ არაბული და მამია მალაზონია / _c [ტექსტის ავტ. ავთანდილ არაბული ; ილ. მამია მალაზონია ; მთ. რედ. ლევან ღვინჯილია]. |
||
| 264 |
_aთბილისი : _bსეზანი, _c2009. |
||
| 300 |
_a68 გვ.; _bილ; _c28 სმ. |
||
| 490 |
_aპროექტი ჩვენ და "ვეფხისტყაოსანი" ; _vწ 3. |
||
| 541 | _h50ლ. | ||
| 653 | _aვეფხისტყაოსანი | ||
| 653 | _aშოთა რუსთაველი | ||
| 700 |
_aღვინჯილია, ლევან _eრედაქტორი _9310 |
||
| 700 |
_aარაბული, ავთანდილ _eავტორი _915555 |
||
| 700 |
_aმალაზონია, მამია _eილუსტრატორი. _915556 |
||
| 700 |
_aღვინჯილია, ლევან _eრედაქტორი _9310 |
||
| 942 |
_cBK _2udc |
||